000 00791nas a2200265 4500
001 BR9501562
003 BR-BrBNA
005 20231205093926.0
007 ta
008 230509b bl.|||p| |||| 00| 00por d
040 _aBR-BrBNA
_bpor
_cBiblioteca Nacional de Agricultura
041 _a(Pt)
072 _aQ02
100 1 _aLobao, V.L.
100 1 _aRojas, N.E.T.
100 1 _aLombardi, J.V.
245 1 _aSalga e defumacao como meios de conservacao da carne de Macrobrachium acanthurus (Crustacea - Decapoda)
650 _aCamarao
650 _aAgua Doce
650 _aDefumacao
650 _aSalga
773 0 _tBoletim do Instituto de Pesca (Brazil)
_xISSN 0046-9939
_g(1989), v. 16(1) p. 1-9
_wBR9501562
909 _a202311
_bLúcia
_c55
_dLúcia Elande
942 _2AGRIS
_n0
_cANA
999 _c141129
_d141129